| 000 | 00290 a2200109 4500 | ||
|---|---|---|---|
| 001 | 34726 | ||
| 090 |
_c23008 _d23008 |
||
| 100 | _aRao Ravichandra I. K. | ||
| 245 | _aQuantitative methods for library & information science | ||
| 260 |
_aNew Delhi _bWiley Eastern Ltd _c1983 |
||
| 300 |
_avii, 271 p. _bHb |
||
| 942 | _aNUST-CAE | ||
| 999 |
_c269799 _d269799 |
||